| 000 | 00712nam a22002412a 4500 | ||
|---|---|---|---|
| 001 | 26204 | ||
| 003 | BD-RjUL | ||
| 005 | 20211209051002.0 | ||
| 008 | 140320s1954 ilu 001 0 eng d | ||
| 035 | _a(BD-RjUL)26274 | ||
| 040 |
_aDLC _cDLC _dEQO _dBD-RjUL _beng |
||
| 041 | _aeng | ||
| 082 |
_a191 _bAME 1954 |
||
| 245 | 1 | 0 |
_aAmerican thought : _ba critical sketch / _cEdited and with a foreword by Felix S. Cohen |
| 260 |
_aGlencoe, Ill : _bFree Press, _cc1954. |
||
| 300 |
_a360 p. ; _c24 cm |
||
| 504 | _aIncludes index. | ||
| 650 | 0 |
_aPhilosophy, American _95487 |
|
| 651 | 0 |
_aUnited States _xIntellectual life _980557 |
|
| 700 | 1 |
_aCohen, Morris Raphael, _95688 |
|
| 942 |
_2ddc _cBK |
||
| 999 |
_c26204 _d26204 |
||